| 000 | 00890cab a2200301 4500 | ||
|---|---|---|---|
| 001 | ABS58943 | ||
| 008 | 090401t1998 xxu||||| |||| 00| 0 eng d | ||
| 035 | _a(Sirsi) u87296 | ||
| 041 | _aeng | ||
| 100 | _aBarnes, R. | ||
| 245 | _aDangerous liaisons | ||
| 260 | _c1998 | ||
| 350 | _a0 | ||
| 490 |
_aBuilding _v263(8045) 26 June 1998, 36-37(2) |
||
| 520 | _aConsiders the use of consultants as agents and the risks of agreeing to enter into contracts on a client`s behalf. | ||
| 650 | _aAGENCY ARRANGEMENTS | ||
| 650 | _aCONSTRUCTION (DESIGN AND MANAGEMENT) REGULATIONS 1994 | ||
| 650 | _aCONSULTANTS | ||
| 650 |
_aContracts _96232 |
||
| 650 | _aDISCRETION | ||
| 650 | _aLIABILITIES | ||
| 650 | _aREPORTS | ||
| 650 | _aSITE INVESTIGATIONS | ||
| 650 | _aSURVEYS | ||
| 690 | _aMANAGEMENT-BUSINESS MANAGEMENT-PROFESSIONAL PRACTICE | ||
| 942 | _n0 | ||
| 948 | _c08/07/1998 | ||
| 999 |
_c55053 _d55053 |
||